Dark victory (Бичлэгийн дугаар. 146050)
| 000 -УДИРДЛАГА | |
|---|---|
| Удирдлага | 01025nam a22003257a 4500 |
| 003 - ХЯНАЛТЫН ТОО ТОДОРХОЙЛОГЧ | |
| Код | MN-UlNUM |
| 005 - БИЧИЛТ ХИЙСЭН ОГНОО | |
| Тухайн бичилтийг бичсэн засварласан сүүлийн огноо | 20260102123335.0 |
| 008 - ЕРӨНХИЙ МЭДЭЭЛЭЛ | |
| Ерөнхий мэдээлэл | 260102s1994 enkab||b |||| 001 0 eng | |
| 020 ## - ISBN | |
| ISBN | 0745308333 |
| -- | 0745308341 |
| 040 ## - БИЧЛЭГ ҮҮСГЭГЧ БАЙГУУЛЛАГА | |
| Бичлэг үүсгэгч номын сангийн код | МУИС-ийн номын сан |
| 084 ## - ББК АНГИЛАЛ | |
| Нэмэлт тусгалт | Бусад |
| ББК ангилал | 65.428 |
| Зохиогчийн гурван тэмдэгт | B 41 |
| Мэдлэгийн ялгаа | 65 - Эдийн засаг |
| 100 1# - ЗОХИОГЧ | |
| Зохиогчийн нэр | Bello, Walden F. |
| 245 10 - ҮНДСЭН ГАРЧИГ | |
| Номын нэр | Dark victory |
| Бага гарчгийн мэдээ | The United States, structural adjustment, and global poverty |
| Оролцогчдын тухай мэдээ | Walden Bello with Shea Cunningham and Bill Rau. |
| 260 ## - ГАРАЛТЫН МЭДЭЭ | |
| Хэвлэгдсэн газар | London : |
| Хэвлэлийн газар | Pluto ; |
| Хэвлэгдсэн он | 1994. |
| 300 ## - МАТЕРИАЛЫН ТОДОРХОЙЛОЛТ | |
| хуудасны тоо | xii, 148 p. : |
| Бусад тоон мэдээлэл | ill., map ; |
| Хэмжээ | 23 cm. |
| 500 ## - Тайлбар | |
| Дансны дугаар | БС 4811 |
| 546 ## - ХЭЛНИЙ ТУХАЙ МЭДЭЭ | |
| Хэл | Англи хэл дээр, |
| 653 ## - Түлхүүр үг | |
| Түлхүүр үг | povert |
| 653 ## - Түлхүүр үг | |
| Түлхүүр үг | developing countries |
| 653 ## - Түлхүүр үг | |
| Түлхүүр үг | economic history |
| 700 1# - ХАМ ЗОХИОГЧИД | |
| Ба бус | Cunningham, Shea, |
| Dates associated with a name | 1968- |
| 700 1# - ХАМ ЗОХИОГЧИД | |
| Ба бус | Rau, Bill. |
| 740 ## - НОМЫН ГАРЧИГ | |
| Гарчиг | Introduction: the Great Reversal |
| 740 ## - НОМЫН ГАРЧИГ | |
| Гарчиг | Challenge from the South |
| 740 ## - НОМЫН ГАРЧИГ | |
| Гарчиг | Liberalism and Rollback |
| 740 ## - НОМЫН ГАРЧИГ | |
| Гарчиг | Reaganism and Rollback |
| 942 ## - ЭЛЕМЕНТИЙН ТӨРӨЛ | |
| Зүйлийн төрөл | Ном |
